000 00664nam a2200217 a 4500
001 BRL_1866
005 20190320211414.0
008 110815s1997----mx-o######---#000-0#spa-#
041 _aspa
044 _amx
050 4 _aHD2346.MX
_b.N68 1997
100 1 _aNovelo, Victoria
_9424
245 1 0 _aFlores de la capital
_bArtesanos de la Ciudad de México
_cVictoria Novelo.
260 _aMéxico
_bConsejo Nacional para la Cultura y las Artes : Dirección General de Culturas Populares
_c1997
300 _a69 p.
_bil.
_c21 cm.
500 _aAu653
650 1 4 _aArtesanos
_zMéxico
_9426
650 1 4 _aArtesanías
_zMéxico
_93976
902 _aGRL
942 _2lcc
_cB
999 _c10674
_d10674